00574 2200169 4500001002100000008004100021035002000062245012100082100004200203260004400245300002800289020002200317084001600339082001000355650002700365990001200392INLIS000000000016140 ind  a0010-0423000157 aAnak Saleh Meneladani Ahlak Rosulullah: Belajar Hadis Bersama Rihan Dan SafiracCucu Nurhasanah, Wedhanta Pralampita aCUCU, Nurhasanah;WEDHANTA, Pralampita aJakarta :bElex Media Komputindo,c2019 a151 hlm.: ilus.c22 cm. a978-602-04-8703-8 a297.5 CUC a a297.5 aPENDIDIKAN AKHLAK-ANAK a10970 a